INTERNATIONAL LABOUR OFFICE JOBS AND SKILLS PROGRAMME FOR AFRICA (Record no. 13060)
[ view plain ]
| 000 -LEADER | |
|---|---|
| fixed length control field | 00363nam a2200121Ia 4500 |
| 008 - FIXED-LENGTH DATA ELEMENTS--GENERAL INFORMATION | |
| fixed length control field | 230222s9999||||xx |||||||||||||| ||und|| |
| 040 ## - CATALOGING SOURCE | |
| Transcribing agency | Chuka University Library |
| 050 ## - LIBRARY OF CONGRESS CALL NUMBER | |
| Classification number | EMB HF 5635 |
| Item number | C36 1992 |
| 100 ## - MAIN ENTRY--PERSONAL NAME | |
| Personal name | LIVINGSTONE, IAN |
| 9 (RLIN) | 7931 |
| 245 #0 - TITLE STATEMENT | |
| Title | INTERNATIONAL LABOUR OFFICE JOBS AND SKILLS PROGRAMME FOR AFRICA |
| 260 ## - PUBLICATION, DISTRIBUTION, ETC. | |
| Place of publication, distribution, etc. | AERC |
| Name of publisher, distributor, etc. | NAIROBI |
| Date of publication, distribution, etc. | 1992 |
| 942 ## - ADDED ENTRY ELEMENTS (KOHA) | |
| Koha item type | Long Loan Books |
| Withdrawn status | Lost status | Damaged status | Not for loan | Collection | Home library | Current library | Shelving location | Date acquired | Total Checkouts | Full call number | Barcode | Date last seen | Price effective from | Koha item type |
|---|---|---|---|---|---|---|---|---|---|---|---|---|---|---|
| General Collection Books | Main Campus Library | Main Campus Library | General Stacks | 22/02/2023 | EMB HD 2126.5 .L58 1981 | 18839/2020 | 22/02/2023 | 22/02/2023 | Long Loan Books |
